| 000 | 00453nam a2200169Ia 4500 | ||
|---|---|---|---|
| 008 | 230917s9999||||xx |||||||||||||| ||und|| | ||
| 020 | _cRS 395.00 | ||
| 040 |
_e5010180 _aMAIN |
||
| 041 | _aEnglish | ||
| 082 | _a791.430954 J199N | ||
| 100 | _aJain, Manju, ed. | ||
| 245 | 0 | _aNarratives of Indian cinema | |
| 260 |
_aNew Delhi _bPrimus Books _c2019 |
||
| 300 | _axx, 274 p. | ||
| 500 | _a4353 10/01/2022 PMI22/107 23/01/2022 Main Budget | ||
| 942 | _cBK | ||
| 999 |
_c4365 _d4365 |
||